| 000 | 01619nmc a2200553 a 4500 | ||
|---|---|---|---|
| 003 | AR-BaBNM | ||
| 005 | 20251128204758.0 | ||
| 008 | 225119s1990 ||||||||||||||000 | spa|| | ||
| 020 | _a968-16-3556-6 | ||
| 040 | _cAR-BaBNM | ||
| 100 | 1 | _aVerani, Hugo J. | |
| 245 | 1 | 0 |
_aLas vanguardias literarias en hispanoamérica _bmanifiestos, proclamas y otros escritos |
| 250 | _a2ª ed. | ||
| 260 |
_aMéxico, D.F. _bFondo de Cultura Económica _c1990 |
||
| 300 | 0 |
_a285 p. _bcuadros, il. |
|
| 490 | 0 | _aTierra Firme | |
| 500 | 0 | _aContiene índice de ilustraciones en p. 281 | |
| 600 | 1 | 4 | _aHuidobro, Vicente |
| 600 | 1 | 4 | _aBorges, Jorge Luis |
| 600 | 1 | 4 | _aGirondo, Oliverio |
| 600 | 1 | 4 | _aNeruda, Pablo |
| 600 | 1 | 4 | _aSilva Valdés, Fernán |
| 600 | 1 | 4 | _aFerreiro, Alfredo Mario |
| 600 | 1 | 4 | _aMariategui, José Carlos |
| 600 | 1 | 4 | _aVallejo, César |
| 600 | 1 | 4 | _aRamos Sucre, José Antonio |
| 600 | 1 | 4 | _aUslar Pietri, Arturo |
| 600 | 1 | 4 | _aCuadra, Pablo Antonio |
| 600 | 1 | 4 | _aTorres Bodet, Jaime |
| 600 | 1 | 4 | _aOrtíz de Montellano, Bernardo |
| 600 | 1 | 4 | _aRivera Chevremont, Evaristo |
| 600 | 1 | 4 | _aMañach, Jorge |
| 600 | 1 | 4 | _aMaples Arce, Manuel |
| 600 | 1 | 4 | _aCuesta, Jorge |
| 600 | 1 | 4 | _aCarpentier, Alejo |
| 600 | 1 | 4 | _aContreras, Francisco |
| 600 | 1 | 4 | _aCasanovas, Marti |
| 650 | 4 | _aLITERATURA LATINOAMERICANA | |
| 650 | 4 | _aANTOLOGIAS | |
| 650 | 4 | _aPOESIA | |
| 650 | 4 | _aREVOLUCION | |
| 650 | 4 | _aANALISIS LITERARIO | |
| 653 | 0 | _aVANGUARDIAS LITERARIAS | |
| 653 | 0 | _aSURREALISMO | |
| 653 | 0 | _aLITERATURA POLITICA | |
| 655 | _aLITERATURA | ||
| 942 | _cBK | ||
| 998 | _cGLORIA | ||
| 999 |
_c8791 _d8791 |
||